000 00655nam a2200217Ia 4500
003 IN-BaIIA
008 211028s9999 xx 000 0 eng d
040 _cIIA Library
080 _a658.7
_bLEE
100 _aLee, Lamar
_98749
245 0 _aPurchasing and materials management
_btext and cases
_cLamar, Lee and Donald W. Dobler
250 _a2nd ed.
260 _aNew Delhi
_bTata McGraw-Hill
_c1974
300 _aix, 850p.
650 _a Management 
_98750
650 _a Materials management
_98751
650 _a Purchasing 
_98752
650 _aAstronomy and astrophysics thesaurus 
_91143
700 _aDobler, Donald W.
_98753
942 _cBK
999 _c4888
_d4888